Diccionari de dret administratiu (Registre núm. 66214)
[ vista simple ]
| 000 -LEADER | |
|---|---|
| campo de control de longitud fija | 01310aam a2200397a 44500 |
| 008 - DATOS DE LONGITUD FIJA--INFORMACIÓN GENERAL | |
| campo de control de longitud fija | 131211s2013 cat |
| 017 ## - NÚMERO DE COPYRIGHT O DE DEPÓSITO LEGAL | |
| Número de copyright o de depósito legal | B-23800-2013 |
| 020 ## - NÚMERO INTERNACIONAL ESTÁNDAR DEL LIBRO | |
| Número Internacional Estándar del Libro | 9788439390602 |
| 041 ## - CÓDIGO DE IDIOMA | |
| Código de lengua del texto/banda sonora o título independiente | cat |
| 041 ## - CÓDIGO DE IDIOMA | |
| Llengües tractades | spa |
| 080 ## - NÚMERO DE LA CLASIFICACIÓN DECIMAL UNIVERSAL | |
| Número de la Clasificación Decimal Universal | 342.9(038) |
| 110 ## - ENTRADA PRINCIPAL--NOMBRE DE ENTIDAD CORPORATIVA | |
| Nombre de entidad corporativa o nombre de jurisdicción como elemento de entrada | Catalunya. Generalitat. Departament de Justícia |
| 9 (RLIN) | 66211 |
| 245 ## - MENCIÓN DEL TÍTULO | |
| Título | Diccionari de dret administratiu |
| Mención de responsabilidad, etc. | Generalitat de Catalunya. Departament de Justícia; TERMCAT, Centre de Terminologia |
| 260 ## - PUBLICACIÓN, DISTRIBUCIÓN, ETC. | |
| Lugar de publicación, distribución, etc. | Barcelona |
| Nombre del editor, distribuidor, etc. | Generalitat de Catalunya. Departament de Justícia |
| Fecha de publicación, distribución, etc. | 2013 |
| 300 ## - DESCRIPCIÓN FÍSICA | |
| Extensión | 260 p. |
| Dimensiones | 21 cm |
| 490 ## - MENCIÓN DE SERIE | |
| Mención de serie | Termes Jurídics; |
| Designación de volumen o secuencia | 3 |
| 500 ## - NOTA GENERAL | |
| Nota general | Bibliografia. Índex |
| 500 ## - NOTA GENERAL | |
| Nota general | Categoria gramatical, sinònims, remissions, àmbit d'ús |
| 500 ## - NOTA GENERAL | |
| Publicació TERMCAT | termcat |
| 520 ## - RESUMEN, ETC. | |
| Nombre de termes | 1.297 |
| 546 ## - NOTA DE IDIOMA | |
| Llengua de les definicions | català |
| 591 ## - Codi de font | |
| Codi de font | DRETADM |
| 592 ## - Tipus obra | |
| Tipus d'obra | Obra terminològica |
| 593 ## - Codi CGAT | |
| Codi de la CGAT | MD |
| 594 ## - Número de document | |
| Número de document | 10434 |
| 650 ## - PUNTO DE ACCESO ADICIONAL DE MATERIA--TÉRMINO DE MATERIA | |
| Término de materia o nombre geográfico como elemento de entrada | dret administratiu |
| 9 (RLIN) | 60796 |
| 710 ## - ENTRADA AGREGADA--NOMBRE DE ENTIDAD CORPORATIVA | |
| Nombre de entidad corporativa o nombre de jurisdicción como elemento de entrada | TERMCAT |
| 9 (RLIN) | 60609 |
| 830 ## - PUNTO DE ACCESO ADICIONAL DE SERIE-TÍTULO UNIFORME | |
| Título uniforme | Termes Jurídics; |
| Designación de volumen o secuencia | 3 |
| 9 (RLIN) | 69449 |
| 856 ## - LOCALIZACIÓN Y ACCESO ELECTRÓNICOS | |
| Identificador Uniforme de Recursos | <a href="https://justicia.gencat.cat/web/.content/documents/publicacions/colleccions/diccdretadm.pdf">https://justicia.gencat.cat/web/.content/documents/publicacions/colleccions/diccdretadm.pdf</a> |
| 901 ## - ELEMENTOS DE DATOS A LOCAL LDA (RLIN) | |
| c | <2013> |
| 902 ## - ELEMENTOS DE DATOS B LOCAL, LDB (RLIN) | |
| a | 131211 |
| 942 ## - ELEMENTOS DE ENTRADA SECUNDARIOS (KOHA) | |
| Tipo de ítem Koha | Monografia |
| Suprimir en OPAC | No |
| Fuente del sistema de clasificación o colocación | Clasificación Decimal Dewey |
| Estatus retirado | Estado de pérdida | Estado de daño | No para préstamo | Biblioteca de origen | Biblioteca actual | Fecha de adquisición | Total de préstamos | Signatura topográfica completa | Código de barras | Visto por última vez | Precio de reemplazo | Tipo de ítem Koha | Fuente del sistema de clasificación o colocación | Identificador Uniforme de Recursos |
|---|---|---|---|---|---|---|---|---|---|---|---|---|---|---|
| TERMCAT | TERMCAT | 11/12/2013 | MD 94 | MD 99 DIR | Expositor | 15289 | 30/09/2021 | 30/09/2021 | MO | |||||||
| TERMCAT | TERMCAT | 11/12/2013 | Biblioteca electrònica | P_68483 | 21/12/2022 | 21/12/2022 | MO | ddc | https://justicia.gencat.cat/web/.content/documents/publicacions/colleccions/diccdretadm.pdf |